00957nam a2200277 i 4500001000300000245015200003260006000155300002800215504001400243650001100257655003000268700002600298700002700324700002400351710003000375020001500405040000800420041000700428080001400435920001800449942000700467008004100474999001700515856009800532952004900630bg00aĆwiczenia laboratoryjne z fizyki /cpod red. Ireny Lasockiej i Jana Zambrzyckiego ; [aut. Mirosława Bożyk et al.] ; Politechnika Białostocka. aBiałystok :bDział Wydawnictw i Poligrafii PB,c2000. a250 s. :bil. ;c23 cm. aBibliogr. 9aFizyka aPodręczniki akademickie1 aLASOCKA, Irena.eRed.1 aZAMBRZYCKI, Jan.eRed.1 aBOŻYK, Mirosława 0aPolitechnika Białostocka a8388229141 cBPK0 apl a53(075.8) a83-88229-14-1 cKS s pl f |000 0 pol  c40018d40018 uhttp://koha.tu.koszalin.pl/cgi-bin/koha/opac-detail.pl?biblionumber=40018yKatalog online BPK 00104070aBPKbBPKcwo59886p01619904yKS